Eras Tour Setlist - Sudden Death - Statistics

General Stats
  • This quiz has been taken 327 times
  • The average score is 11 of 15
Answers on the Grid
Answers color-coded by a green-red scale on the quiz's grid according to % correct below.
Lover
Red
Cruel Summer
Clean
Willow
Gorgeous
Betty
Maroon
Delicate
You're On Your Own, Kid
Bad Blood
Mine
But Daddy, I Love Him
Paper Rings
Fearless
Hey Stephen
You Belong With Me
Mean
22
This Is Why We Can't Have Nice Things
All Too Well (10 Minute Version)
Exile
Look What You Made Me Do
Our Song
Midnight Rain
New Romantics
Bejeweled
Daylight
Mastermind
The Tortured Poets Department
 
Answer Stats
Answer % Correct
22
76%
Lover
75%
Fearless
74%
Bejeweled
73%
Cruel Summer
73%
You Belong With Me
73%
Bad Blood
72%
All Too Well (10 Minute Version)
71%
Look What You Made Me Do
69%
Midnight Rain
69%
Betty
67%
But Daddy, I Love Him
67%
Mastermind
67%
Willow
67%
Delicate
64%
No matching quizzes found
Score Distribution
Percent of People with Each Score
Percentile by Number Answered
Your Score History
You have not taken this quiz